| 000 | 00630nam a22002177a 4500 | ||
|---|---|---|---|
| 003 | OSt | ||
| 005 | 20151022113002.0 | ||
| 008 | 130529s1994 sp ||||| |||| 00| 0 spa d | ||
| 020 | _a8487799043 | ||
| 040 | _cCDMR | ||
| 100 | 1 |
_9762 _aBalsebre, Armand |
|
| 245 | 1 | 3 |
_aLa credibilitat de la radio informativa _cArmand Balsebre |
| 260 |
_aBarcelona _bFeed-Back _cDL 1994 |
||
| 300 | _a117 p. | ||
| 610 | 1 |
_93577 _aCOPE (Emissora de ràdio) |
|
| 650 | 0 | 4 |
_91981 _aRadiodifusió _xNoticiaris _zEspanya |
| 650 | 0 | 4 |
_92800 _aRàdio _xLlenguatge |
| 610 | 1 |
_93198 _aRadio Nacional de España |
|
| 610 | 1 |
_9264 _aCadena SER |
|
| 942 |
_2udc _cMON |
||
| 999 |
_c6342 _d6342 |
||